REPAIR OF AUTO DIESEL ENGINE A COMPREHANSIVE BOOK ON DIESEL ENGINE (Record no. 580598)
[ view plain ]
| 000 -LEADER | |
|---|---|
| fixed length control field | 00346nam a22001217a 4500 |
| 082 ## - DEWEY DECIMAL CLASSIFICATION NUMBER | |
| Classification number | 629.2506 KHA'A |
| 100 ## - MAIN ENTRY--PERSONAL NAME | |
| Personal name | KHAN, M. AKHTAR |
| 9 (RLIN) | 75115 |
| 245 ## - TITLE STATEMENT | |
| Title | REPAIR OF AUTO DIESEL ENGINE A COMPREHANSIVE BOOK ON DIESEL ENGINE |
| 260 ## - PUBLICATION, DISTRIBUTION, ETC. | |
| Place of publication, distribution, etc. | LAHORE |
| Name of publisher, distributor, etc. | MALIK BOOK DEPOT |
| Date of publication, distribution, etc. | 1980 |
| 300 ## - PHYSICAL DESCRIPTION | |
| Extent | 240P |
| 650 ## - SUBJECT ADDED ENTRY--TOPICAL TERM | |
| Topical term or geographic name entry element | AUTO DIESEL ENGINE REPAIR |
| 9 (RLIN) | 75116 |
| 942 ## - ADDED ENTRY ELEMENTS (KOHA) | |
| Koha item type | Book |
| Withdrawn status | Lost status | Damaged status | Not for loan | Permanent Location | Current Location | Shelving location | Date acquired | Total Checkouts | Full call number | Barcode | Date last seen | Price effective from | Koha item type |
|---|---|---|---|---|---|---|---|---|---|---|---|---|---|
| College of Electrical & Mechanical Engineering (CEME) | College of Electrical & Mechanical Engineering (CEME) | General Stacks | 05/15/2017 | 629.2506 KHA'A | CEME-14742 | 06/28/2021 | 06/28/2021 | Book |
